00943nam a2200229 i 450000100060000000300090000600500170001500700030003200800410003510000450007624501730012125000240029426000310031830000300034949000510037970000570043083000590048785200210054694200080056799900170057595201210059259347ES-MaACL20250302063058.0t|031028s1960 sp ||||1| spa d1 aEncina, Juan del,d1469-1529947173eaut10aÉgloga de Plácida y Victoriano, precedida de otras tres églogas introductorias / cJuan de la Encina ; edición, estudio y notas por Ernesto Giménez Caballero. a4ª ed., ilustrada. aZaragoza : bEbro, c1960. a127 p. : bil. ; c18 cm.1 aBiblioteca clásica Ebro ; v19. Teatro ; v61 aGiménez Caballero, Ernesto,d1899-1988957038epbl1 aBiblioteca clásica Ebro ; v19. Teatro ; v69182675 aES-MaACLjE-2445 2udc c59347d59347 00104070aATENEOMbATENEOMcDEPO2d2008-01-17eSCl0oE-2445p1062250r2023-02-23 00:00:00w2023-02-23yMONOGRAFIA